Subcontinents proposed by the UN - Statistics

General Stats
  • This quiz has been taken 113 times
  • The average score is 13 of 22
Answer Stats
Subcontinent % Correct
Australia and New Zealand
83%
Central America
77%
Polynesia
70%
Caribbean
67%
Eastern Europe
67%
Micronesia
67%
Southern Africa
67%
Western Europe
66%
Eastern Africa
65%
Northern Africa
65%
Northern Europe
64%
Western Africa
64%
Southern Europe
63%
Central Asia
62%
South America
62%
Northern America
59%
Southern Asia
54%
Eastern Asia
52%
Western Asia
51%
Melanesia
49%
South-eastern Asia
41%
Middle Africa
24%
No matching quizzes found
Score Distribution
Percent of People with Each Score
Percentile by Number Answered
Your Score History
You have not taken this quiz